La crisis de las identidades : la interpretación de una mutación /
La obra hace un balance de los cambios acaecidos en la sociedad francesa desde los años sesenta, en la vida privada, la vida en el trabajo y las creencias simbólicas (religión, política, etc.) relacionándolos con tres procesos que han conocido evoluciones significativas en el último período: el proc...
Uloženo v:
| Hlavní autor: | |
|---|---|
| Médium: | Text |
| Jazyk: | Spanish |
| Vydáno: |
Barcelona:
Ediciones Bellaterra
|
| Témata: | |
| Tagy: |
Přidat tag
Žádné tagy, Buďte první, kdo vytvoří štítek k tomuto záznamu!
|
MARC
| LEADER | 00000 a a2200000 04500 | ||
|---|---|---|---|
| 001 | 38718 | ||
| 003 | cru CIDCACS/IIS | ||
| 005 | 20170726114014.0 | ||
| 008 | 170726b xxu||||| |||| 00| 0 spa d | ||
| 999 | |c 16994 |d 16994 | ||
| 020 | |a 84-7290-185-8 | ||
| 040 | |c CIDCACS/IIS | ||
| 090 | |a 05.03.01 D813c | ||
| 100 | |a Dubar, Claude | ||
| 245 | |a La crisis de las identidades : |b la interpretación de una mutación / |c Claude Dubar | ||
| 260 | |a Barcelona: |b Ediciones Bellaterra | ||
| 300 | |a 279 páginas | ||
| 520 | |a La obra hace un balance de los cambios acaecidos en la sociedad francesa desde los años sesenta, en la vida privada, la vida en el trabajo y las creencias simbólicas (religión, política, etc.) relacionándolos con tres procesos que han conocido evoluciones significativas en el último período: el proceso de emancipación económica y el proceso de privatización de las creencias. Según la tesis del autor, las antiguas formas de identificación de los individuos (culturales, estatutarias...) han perdido su legitimidad y las nuevas formas (reflexivas, narrativas) no están aún plenamente constituidas ni reconocidas. La constatación de la crisis está vinculada a una coyuntura económica, política y simbólica particular: globalización de los intercambios y ascensión de una nueva economía, cuestionamiento de los estados-nación y hundimiento del comunismo "real", diversificación de las formas de la vida privada y de las relaciones entre los sexos. Tal coyuntura tiende a exacerbar las cuestiones identitarias y a multiplicar las crisis existenciales | ||
| 650 | |a CRISIS SOCIAL | ||
| 650 | |a HISTORIA | ||
| 650 | |a CLASES SOCIALES | ||
| 650 | |a SOCIOLOGIA | ||
| 650 | |a EMPLEO | ||
| 942 | |2 ddc |c LI | ||



